Malayala Basha Charithram Part- II (Record no. 1338)
[ view plain ]
| 000 -LEADER | |
|---|---|
| fixed length control field | 00416nam a2200133Ia 4500 |
| 008 - FIXED-LENGTH DATA ELEMENTS--GENERAL INFORMATION | |
| fixed length control field | 211109s9999||||xx |||||||||||||| ||und|| |
| 082 ## - DEWEY DECIMAL CLASSIFICATION NUMBER | |
| Classification number | 894.8124 |
| Item number | GOV-M |
| 100 ## - MAIN ENTRY--PERSONAL NAME | |
| Personal name | Govinda Pilla, P |
| 245 #0 - TITLE STATEMENT | |
| Title | Malayala Basha Charithram Part- II |
| 260 ## - PUBLICATION, DISTRIBUTION, ETC. | |
| Name of publisher, distributor, etc. | Manakkattu P.Narayana Pillai |
| Place of publication, distribution, etc. | Thiruvananthapuram |
| Date of publication, distribution, etc. | 1955 |
| 630 ## - SUBJECT ADDED ENTRY--UNIFORM TITLE | |
| General subdivision | General Stack |
| 650 ## - SUBJECT ADDED ENTRY--TOPICAL TERM | |
| Topical term or geographic name entry element | Malayalam LanguageStudy of MAlayalam Lnguage |
| 942 ## - ADDED ENTRY ELEMENTS (KOHA) | |
| Koha item type | BOOK |
| 650 ## - SUBJECT ADDED ENTRY--TOPICAL TERM | |
| General subdivision | Malayalam |
| Withdrawn status | Lost status | Damaged status | Not for loan | Home library | Current library | Date acquired | Cost, normal purchase price | Total Checkouts | Full call number | Barcode | Shelving location | Date last seen | Price effective from | Koha item type |
|---|---|---|---|---|---|---|---|---|---|---|---|---|---|---|
| SB LIBRARY | SB LIBRARY | 09/11/2021 | 1.00 | 894.8124 GOV-M | 00001347 | GENERAL STACK | 09/11/2021 | 09/11/2021 | BOOK |